Ema Panovová: Vzťahy a konfrontácie

Bibliographic Details
Main Author: Koška, Ján, 1936-2006 (Author)
Format: Article
Language:Slovak
Subjects:

MARC

LEADER 00000nab a2200000 a 4500
001 vtls000003856
003 SK-MaSNL
005 20260304073022.0
008 250423c1978 xo 0 slo
015 |a SNBRB19rr/mm-uuuuu 
035 |a CL0013949 
035 |a urn:nbn:sk:snk-abb6sl 
035 |a (urnnbn)urn:nbn:sk:snk:ar-0001rc 
035 |a (uuid)ec2ad59c-e717-4130-bd18-602bcf374f8c 
040 |a SNKBUCL  |b slo  |c SNKBUCL  |e AACR2 
041 0 |a slo 
044 |a xo  |c SK 
080 |a 82.09:82.091:882:885.4"18-19"(048)  |2 1981 
080 |a 82.091  |2 1981 
080 |a 882  |2 1981 
080 |a 885.4"18-19"(048)  |2 1981 
080 |a 885.4.091  |2 1981 
080 |a 882"18-19"(048)  |2 1981 
080 |a 882.091  |2 1981 
100 1 |a Koška, Ján,  |d 1936-2006  |4 aut  |9 87498 
245 1 0 |a Ema Panovová: Vzťahy a konfrontácie  |c Ján Koška 
650 0 7 |a vzťahy literárne  |2 snkbucl  |9 770059 
655 7 |a články z novín a časopisov  |2 snkbucl  |9 267496 
655 7 |a články z odboru literárna veda a krásna literatúra  |2 snkbucl  |9 770045 
773 0 |t Romboid  |g Roč. 13, č. 6 (1978), s. 86-88 
787 0 8 |i Rec.:  |a Panovová, Ema  |t Vzťahy a konfrontácie  |d Bratislava : Veda, 1977 
850 |a Slovenská národná knižnica 
852 |a Slovenská národná knižnica 
958 |a article15 
958 |a RK 
958 |a LX 
958 |a SK 
958 |a OND 
958 |a EUIPO 
992 |a RBX 
999 |c 2769080  |d 2771010